Представление документа в формате MARC21

ПолеНазваниеЗначение
  Тип записи a
  Библиографический уровень m
001 Контрольный номер RU\infra-m\znanium\bibl\2216347
005 Дата корректировки 20260429142223.1
008 Кодируемые данные 260119s2026 RU g rus u
020 Индекс ISBN __
a ISBN 978-5-16-016451-9
020 Индекс ISBN __
a ISBN 978-5-16-109763-2 (электр. издание)
040 Источник каталогиз. __
a Служба первич. каталог. Общество с ограниченной ответственностью «ЗНАНИУМ»
041 Код языка издания __
a Код языка текста rus
044 Код страны публикации __
a Код страны публикации RU
080 Индекс УДК __
a Индекс УДК 579.67(075.8)
084 Индекс другой классификации/Индекс ББК __
2 Источник индекса rubbk
a Индекс другой классификации/Индекс ББК 28.4:36.95я73
084 Индекс другой классификации/Индекс ББК __
2 Источник индекса okso
a Индекс другой классификации/Индекс ББК 35.03.07
100 Автор __
a Автор Сидоренко О.Д.
q Полное имя Сидоренко Олег Дмитриевич
u Дополнение Российский государственный аграрный университет - МСХА им. К.А. Тимирязева
245 Заглавие __
a Заглавие Микробиологические основы природной закваски молока
b Продолж. заглавия Учебно-методическая литература
c Ответственность Российский государственный аграрный университет - МСХА им. К.А. Тимирязева
250 Сведения об издании __
g испр. и доп.
a Основные сведения об издании 2
260 Выходные данные __
a Место издания Москва
b Издательство ООО "Научно-издательский центр ИНФРА-М"
c Дата издания 2026
300 Физическое описание __
a Объем 230 с.
440 Серия __
a Серия Высшее образование: Бакалавриат
520 Аннотация __
a Аннотация В учебно-методическом пособии впервые обобщены знания об особенностях экологии лактобактерий природных заквасок разных географических зон России. Географические расы лактобактерий и дрожжей молочных национальных продуктов могут явиться источником новых более резистентных к экстремальным факторам (в том числе лечебным препаратам) ферментов которые будут востребованы в биотехнологии медицине. Дает принципиально важные предсказания поддающиеся экспериментальной проверке. Показана перспектива лечения микробиома органов пищеварения — элиминирующая терапия бактериофагами лактотерапия вместо химиотерапии. Соответствует требованиям федеральных государственных образовательных стандартов высшего образования последнего поколения. Предназначено для подготовки студентов биологических специальностей агротехнологов а также бакалавров по профилям «Технология производства хранения и переработки продуктов животноводства» и «Природные закваски» по направлениям: 35.03.07 «Технология производства и переработки сельскохозяйственной продукции» 19.03.03 и 19.04.03 «Продукты питания животного происхождения».
521 Примеч. о цел. назн. __
a Примеч. о целев. назн. ВО - Бакалавриат
650 Тематические рубрики __
a Основная рубрика Сельское хозяйство
x Основная подрубрика Заготовка, хранение и переработка сельскохозяйственного сырья
655 Указ. предметных рубрик (устаревшее) __
a Жанр/ форма (устаревшее) Учебно-методическая литература
856 Электронный адрес документа 4_
a Имя сервера/домена znanium.ru
m Помощь ebs_support@infra-m.ru
n Местонахождение сервера НИЦ ИНФРА-М
u URL https://znanium.ru/catalog/document?id=476607
856 Электронный адрес документа 48
a Имя сервера/домена znanium.ru
d Путь /cover/2216
f Электронное имя 2216347.jpg
q Тип электронного формата image/jpeg
u URL https://znanium.ru/cover/2216/2216347.jpg
911 __
u 0030=https://znanium.ru/catalog/document?id=476607